Sports Quiz

Random Sports or Soccer Quiz

Ballon d'Or 2018 Nominees Quiz Stats

 Plays Quiz Updated Mar 26, 2019

Score 0/30 Timer 05:00
22 Plays Today
Nationality Footballer % Correct
ArgentinaLionel Messi
98.2%
PortugalCristiano Ronaldo
96.7%
CroatiaLuka Modrić
94.4%
BrazilNeymar Jr.
93%
UruguayLuis Suárez
93%
EgyptMohamed Salah
92.9%
WalesGareth Bale
92.5%
EnglandHarry Kane
91%
FranceKylian Mbappé
90.4%
BelgiumEden Hazard
90.3%
FrancePaul Pogba
87.9%
FranceHugo Lloris
87.2%
SpainSergio Ramos
87.1%
SenegalSadio Mané
85.7%
UruguayEdinson Cavani
85.3%
Nationality Footballer % Correct
FranceAntoine Griezmann
84.8%
BelgiumThibaut Courtois
84.3%
ArgentinaSergio Agüero
83.6%
BelgiumKevin De Bruyne
82.4%
UruguayDiego Godín
79.4%
FranceRaphaël Varane
78.9%
FranceN'Golo Kanté
78.5%
BrazilAlisson Becker
77.5%
CroatiaIvan Rakitić
77.4%
CroatiaMario Mandžukić
74.6%
SloveniaJan Oblak
68.8%
BrazilMarcelo
67.4%
BrazilRoberto Firmino
64.9%
SpainIsco
61.4%
FranceKarim Benzema
53.9%

You're not logged in!

Compare scores with friends on all Sporcle quizzes.
OR
Log In

Sporcle TV

Today on Sporcle TV


Watch our educational content, quiz creation guides, and fun videos on Sporcle TV.

Show Comments

Extras

Top Quizzes Today


Score Distribution

Your Account Isn't Verified!

In order to create a playlist on Sporcle, you need to verify the email address you used during registration. Go to your Sporcle Settings to finish the process.

Report this User

Report this user for behavior that violates our Community Guidelines.

Details: